| 000 | 00629nam a2200229Ia 4500 | ||
|---|---|---|---|
| 005 | 20260320201821.0 | ||
| 008 | 008 262003s9999 xx 000 0 eng d | ||
| 037 | _aEBOOK | ||
| 040 | _aCRL | ||
| 040 | _beng | ||
| 040 | _cCRL | ||
| 041 | _2eng | ||
| 041 | _aeng | ||
| 084 | _qCRL | ||
| 100 |
_aMullennex _91136022 |
||
| 245 | 0 | _aComputer Vision on AWS: Build and deploy real-world CV solutions with Amazon Rekognition, Lookout for Vision, and SageMaker | |
| 260 | _bIEEE | ||
| 856 | _uhttps://ieeexplore.ieee.org/servlet/opac?bknumber=10163520 | ||
| 942 | _cEBOOK | ||
| 999 |
_c1723704 _d1723704 |
||